000 01791cam a2200265 4500
001 ##L135611
008 061116n2006 000 0 eng u
035 _a(Sirsi) u135611
041 0 _aeng
050 0 4 _a711.1 $2 18
110 1 _aUnited Kingdom
_bDepartment for Communities and Local Government
_94939
245 0 0 _aMinerals policy statement one
_bplanning and minerals
260 _aLondon
_bDCLG
_c2006
490 0 _aMinerals Policy Statement
520 _aMineral Policy Statement One (MPS1) is the overarching planning policy document for all minerals in England, providing advice and guidance to planning authorities and the minerals industry and ensuring the need for society and the economy for minerals is managed in an integrated way against its impact on the environment and communities. Contains separate annexes on aggregates, brick clay, natural building and roofing stone, and on-shore oil and gas and underground storage of natural gas. To be read in conjunction with the practice guide (L135611).
520 _aSupersedes MPG1 "Minerals planning guidance: general considerations and the development plan system" (ISBN 0117532894). Completes, together with the annex on aggregates, the replacement of MG5 "Minerals planning guidance: guidelines for aggregates provision in England" (ISBN 0117529869).
590 _aKA NTK
650 2 4 _aMINERALS POLICY STATEMENT ONE
650 2 4 _aMINERALS PLANNING GUIDANCE NOTE SIX
650 2 4 _aMINERALS PLANNING GUIDANCE NOTE ONE
651 4 _aEngland
_y886-
690 _aENVIRONMENTAL AND LAND CONSULTANCY-MINERAL RESOURCE MANAGEMENT-MINERAL PLANNING
856 4 0 _uhttps://www.communities.gov.uk/index.asp?id=1504271
_zView the policy statement free of charge at www.communities.gov.ukƯ 9781851128693
942 _n0
999 _c106110
_d106110